[Event "Blitz 2018"]
[Site "Saint-Petersburg"]
[Date "2018.12.30"]
[Round "17"]
[Board "63"]
[White "Demchenko Anton (RUS)"]
[Black "Sokolov Andrei (LAT)"]
[Result "0-1"]
[LiveChessVersion "1.4.8"]
[BlackElo "2507"]
[WhiteElo "2572"]

1. e4 {[%clk 0:03:03]} Nf6 {[%clk 0:03:03]} 2. e5 {[%clk 0:03:04]} Nd5 3. d4 d6
{[%clk 0:03:06]} 4. Nf3 {[%clk 0:03:07]} Bg4 {[%clk 0:03:03]} 5. Be2
{[%clk 0:03:07]} e6 {[%clk 0:03:03]} 6. O-O {[%clk 0:03:06]} Be7 {[%clk 0:03:02]}
7. c4 {[%clk 0:03:03]} Nb6 {[%clk 0:03:03]} 8. exd6 {[%clk 0:03:04]} cxd6
{[%clk 0:03:04]} 9. Nbd2 {[%clk 0:03:05]} O-O {[%clk 0:03:01]} 10. h3
{[%clk 0:03:06]} Bh5 {[%clk 0:02:59]} 11. b3 {[%clk 0:03:07]} Nc6
{[%clk 0:02:57]} 12. Bb2 {[%clk 0:03:08]} d5 {[%clk 0:02:55]} 13. c5
{[%clk 0:03:09]} Nd7 {[%clk 0:02:57]} 14. a3 {[%clk 0:02:55]} a5 {[%clk 0:02:58]}
15. Rc1 {[%clk 0:02:46]} Bf6 {[%clk 0:02:32]} 16. Qc2 {[%clk 0:01:49]} Bg6
{[%clk 0:02:28]} 17. Bd3 {[%clk 0:01:48]} Bxd3 {[%clk 0:02:05]} 18. Qxd3
{[%clk 0:01:49]} b6 {[%clk 0:02:02]} 19. cxb6 {[%clk 0:01:23]} Qxb6
{[%clk 0:02:01]} 20. Rc2 {[%clk 0:01:24]} Rfc8 {[%clk 0:01:52]} 21. Rfc1
{[%clk 0:01:17]} Ne7 {[%clk 0:01:52]} 22. Rxc8+ {[%clk 0:01:09]} Rxc8
{[%clk 0:01:54]} 23. Rxc8+ Nxc8 24. Qc2 {[%clk 0:00:56]} Ne7 {[%clk 0:01:51]} 25.
Bc3 {[%clk 0:00:54]} Nc6 {[%clk 0:01:49]} 26. Qd3 {[%clk 0:00:49]} h6
{[%clk 0:01:44]} 27. g3 {[%clk 0:00:50]} Be7 {[%clk 0:01:39]} 28. Bb2
{[%clk 0:00:49]} Bf6 {[%clk 0:01:40]} 29. Kg2 {[%clk 0:00:49]} Be7
{[%clk 0:01:37]} 30. h4 {[%clk 0:00:49]} Bf6 {[%clk 0:01:28]} 31. Qe3
{[%clk 0:00:49]} Qb5 {[%clk 0:01:25]} 32. g4 {[%clk 0:00:39]} Be7
{[%clk 0:01:17]} 33. Qf4 {[%clk 0:00:37]} Qb8 {[%clk 0:01:13]} 34. Qe3
{[%clk 0:00:33]} Qb5 {[%clk 0:01:14]} 35. Qc3 {[%clk 0:00:33]} Bd6
{[%clk 0:01:03]} 36. Nf1 {[%clk 0:00:29]} Ne7 {[%clk 0:00:55]} 37. h5
{[%clk 0:00:26]} Nf6 {[%clk 0:00:54]} 38. Ne3 {[%clk 0:00:20]} Ne4
{[%clk 0:00:47]} 39. Qc2 {[%clk 0:00:21]} Nc6 {[%clk 0:00:44]} 40. Ne1
{[%clk 0:00:14]} Be7 {[%clk 0:00:39]} 41. f3 {[%clk 0:00:13]} Nf6
{[%clk 0:00:39]} 42. Nd3 {[%clk 0:00:14]} Nd7 {[%clk 0:00:39]} 43. Nf4
{[%clk 0:00:09]} Bg5 {[%clk 0:00:39]} 44. Kg3 {[%clk 0:00:07]} Qb8
{[%clk 0:00:40]} 45. Neg2 {[%clk 0:00:09]} Qd6 {[%clk 0:00:38]} 46. Kf2
{[%clk 0:00:05]} Bxf4 {[%clk 0:00:31]} 47. Nxf4 {[%clk 0:00:06]} Nxd4
{[%clk 0:00:31]} 48. Bxd4 {[%clk 0:00:04]} Qxf4 {[%clk 0:00:32]} 49. Qc8+
{[%clk 0:00:06]} Kh7 {[%clk 0:00:32]} 50. Be3 {[%clk 0:00:05]} Qd6
{[%clk 0:00:32]} 51. Qe8 {[%clk 0:00:05]} d4 {[%clk 0:00:31]} 52. Bd2
{[%clk 0:00:05]} Ne5 {[%clk 0:00:29]} 53. Ke2 {[%clk 0:00:05]} Qd5
{[%clk 0:00:30]} 54. Kd1 {[%clk 0:00:03]} Qxf3+ 55. Kc2 Qe4+ {[%clk 0:00:31]} 56.
Kd1 {[%clk 0:00:06]} Qb1+ 57. Ke2 Qd3+ {[%clk 0:00:32]} 58. Kd1 {[%clk 0:00:07]}
Nf3 {[%clk 0:00:33]} 0-1

[Event "Blitz 2018"]
[Site "Saint-Petersburg"]
[Date "2018.12.30"]
[Round "17"]
[Board "64"]
[White "Gabrielian Artur (RUS)"]
[Black "Sanal Vahap (TUR)"]
[Result "1/2-1/2"]
[LiveChessVersion "1.4.8"]
[BlackElo "2488"]
[WhiteElo "2562"]

1. e4 {[%clk 0:03:03]} e5 {[%clk 0:03:02]} 2. Nf3 {[%clk 0:03:04]} Nf6
{[%clk 0:03:02]} 3. Nxe5 {[%clk 0:03:04]} d6 {[%clk 0:03:04]} 4. Nf3
{[%clk 0:03:04]} Nxe4 {[%clk 0:03:05]} 5. Qe2 {[%clk 0:03:04]} Qe7
{[%clk 0:03:05]} 6. d3 {[%clk 0:03:05]} Nf6 {[%clk 0:03:06]} 7. Nc3
{[%clk 0:03:05]} c6 {[%clk 0:03:06]} 8. Bd2 {[%clk 0:03:01]} Nbd7
{[%clk 0:03:07]} 9. O-O-O {[%clk 0:03:01]} Qxe2 {[%clk 0:03:07]} 10. Bxe2
{[%clk 0:03:01]} d5 {[%clk 0:03:08]} 11. h3 {[%clk 0:02:59]} Bd6 {[%clk 0:03:08]}
12. Rde1 {[%clk 0:02:57]} O-O {[%clk 0:03:07]} 13. Bd1 {[%clk 0:02:58]} Re8
{[%clk 0:03:06]} 14. Ne2 {[%clk 0:02:48]} Nf8 {[%clk 0:03:04]} 15. Bc3
{[%clk 0:02:21]} Nh5 {[%clk 0:02:51]} 16. g3 {[%clk 0:02:02]} a5 {[%clk 0:02:50]}
17. a3 {[%clk 0:01:58]} b5 {[%clk 0:02:51]} 18. Ned4 {[%clk 0:01:58]} Bd7
{[%clk 0:02:44]} 19. Rxe8 {[%clk 0:01:59]} Rxe8 {[%clk 0:02:34]} 20. Bxa5
{[%clk 0:01:57]} c5 {[%clk 0:02:35]} 21. Nb3 {[%clk 0:01:42]} Nf6
{[%clk 0:02:27]} 22. Bb6 {[%clk 0:01:34]} Ne6 {[%clk 0:02:27]} 23. Re1
{[%clk 0:01:34]} d4 {[%clk 0:01:05]} 24. Ba5 {[%clk 0:01:35]} Nd5
{[%clk 0:01:00]} 25. Bd2 {[%clk 0:01:36]} f6 {[%clk 0:00:58]} 26. Nh4
{[%clk 0:01:33]} Kf7 {[%clk 0:00:54]} 27. Bf3 {[%clk 0:01:30]} Ne7
{[%clk 0:00:51]} 28. Na5 {[%clk 0:01:19]} Nd8 {[%clk 0:00:43]} 29. Bg2
{[%clk 0:01:15]} g5 {[%clk 0:00:36]} 30. Nf3 {[%clk 0:01:15]} h6 {[%clk 0:00:36]}
31. b4 {[%clk 0:01:15]} cxb4 {[%clk 0:00:25]} 32. Bxb4 {[%clk 0:01:10]} Bxb4
{[%clk 0:00:24]} 33. axb4 {[%clk 0:01:12]} Ne6 {[%clk 0:00:25]} 34. Nb3
{[%clk 0:00:53]} Bc6 {[%clk 0:00:25]} 35. Rxe6 {[%clk 0:00:51]} Kxe6
{[%clk 0:00:26]} 36. Nfxd4+ {[%clk 0:00:52]} Kd7 {[%clk 0:00:24]} 37. Nc5+
{[%clk 0:00:49]} Kc7 {[%clk 0:00:22]} 38. Bxc6 {[%clk 0:00:41]} Nxc6
{[%clk 0:00:22]} 39. Nxb5+ {[%clk 0:00:40]} Kb6 {[%clk 0:00:23]} 40. Nd6
{[%clk 0:00:31]} Re2 {[%clk 0:00:24]} 41. Nc4+ {[%clk 0:00:28]} Kb5
{[%clk 0:00:17]} 42. c3 {[%clk 0:00:26]} Rxf2 {[%clk 0:00:17]} 43. Nd6+
{[%clk 0:00:26]} Kb6 {[%clk 0:00:18]} 44. Nc4+ {[%clk 0:00:27]} Kb5
{[%clk 0:00:19]} 45. Nd6+ {[%clk 0:00:23]} Kb6 {[%clk 0:00:20]} 46. d4
{[%clk 0:00:24]} Ne7 {[%clk 0:00:13]} 47. c4 {[%clk 0:00:21]} Nc6
{[%clk 0:00:14]} 48. Na4+ {[%clk 0:00:19]} Kc7 {[%clk 0:00:15]} 49. Nb5+
{[%clk 0:00:20]} Kd8 {[%clk 0:00:15]} 50. d5 {[%clk 0:00:15]} Nxb4
{[%clk 0:00:16]} 51. Nb6 {[%clk 0:00:15]} Nd3+ {[%clk 0:00:15]} 52. Kd1
{[%clk 0:00:16]} Nc5 {[%clk 0:00:16]} 53. d6 {[%clk 0:00:12]} Rf3
{[%clk 0:00:14]} 54. Ke2 {[%clk 0:00:12]} Rxg3 {[%clk 0:00:07]} 55. Nd4
{[%clk 0:00:12]} Nb7 {[%clk 0:00:04]} 56. Nc6+ {[%clk 0:00:10]} Ke8
{[%clk 0:00:05]} 57. d7+ {[%clk 0:00:11]} Kf8 {[%clk 0:00:07]} 58. Nd5
{[%clk 0:01:03]} Rxh3 {[%clk 0:00:06]} 59. c5 {[%clk 0:00:58]} Rb3
{[%clk 0:00:05]} 60. Nd4 {[%clk 0:00:43]} Rb2+ {[%clk 0:00:06]} 61. Ke1
{[%clk 0:00:38]} Rb1+ {[%clk 0:00:07]} 62. Kd2 {[%clk 0:00:30]} Nd8
{[%clk 0:00:09]} 63. c6 {[%clk 0:00:27]} Rb2+ {[%clk 0:00:04]} 64. Kc1
{[%clk 0:00:19]} Rb5 {[%clk 0:00:05]} 65. Nxb5 {[%clk 0:00:08]} Nxc6
{[%clk 0:00:06]} 66. Nd4 {[%clk 0:00:05]} Nd8 {[%clk 0:00:06]} 67. Kd2
{[%clk 0:00:05]} Kf7 {[%clk 0:00:06]} 68. Ke3 {[%clk 0:00:06]} h5
{[%clk 0:00:07]} 69. Kf3 {[%clk 0:00:07]} h4 {[%clk 0:00:05]} 70. Kg4
{[%clk 0:00:08]} Kg6 {[%clk 0:00:05]} 71. Nf5 {[%clk 0:00:09]} h3
{[%clk 0:00:05]} 72. Nfe7+ {[%clk 0:00:06]} Kf7 {[%clk 0:00:06]} 73. Kxh3
{[%clk 0:00:06]} Ke6 {[%clk 0:00:07]} 74. Kg4 {[%clk 0:00:06]} Kxd7
{[%clk 0:00:08]} 75. Kf5 {[%clk 0:00:07]} Nc6 {[%clk 0:00:06]} 76. Ng8
{[%clk 0:00:07]} Kd6 77. Ne3 {[%clk 0:00:06]} Ne7+ {[%clk 0:00:04]} 78. Nxe7
{[%clk 0:00:06]} Kxe7 {[%clk 0:00:05]} 79. Ke4 1/2-1/2

[Event "Blitz 2018"]
[Site "Saint-Petersburg"]
[Date "2018.12.30"]
[Round "17"]
[Board "65"]
[White "Vastrukhin Oleg (RUS)"]
[Black "Jumabayev Rinat (KAZ)"]
[Result "0-1"]
[LiveChessVersion "1.4.8"]
[BlackElo "2554"]
[WhiteElo "2488"]

1. g3 {[%clk 0:03:03]} d5 {[%clk 0:03:03]} 2. Bg2 {[%clk 0:03:04]} c6
{[%clk 0:03:04]} 3. Nf3 {[%clk 0:03:04]} g6 {[%clk 0:03:04]} 4. O-O
{[%clk 0:03:04]} Bg7 {[%clk 0:03:06]} 5. d4 {[%clk 0:03:05]} Nf6 {[%clk 0:03:05]}
6. Nbd2 {[%clk 0:03:06]} O-O {[%clk 0:03:04]} 7. b3 {[%clk 0:03:07]} a5
{[%clk 0:03:04]} 8. Bb2 {[%clk 0:03:05]} a4 {[%clk 0:03:05]} 9. e3
{[%clk 0:03:01]} Nbd7 {[%clk 0:02:58]} 10. c4 {[%clk 0:03:01]} Qa5
{[%clk 0:02:51]} 11. bxa4 {[%clk 0:02:41]} Qxa4 {[%clk 0:02:52]} 12. Qb3
{[%clk 0:02:32]} Qa6 {[%clk 0:02:42]} 13. Rfc1 {[%clk 0:02:29]} Nb6
{[%clk 0:02:38]} 14. Bf1 {[%clk 0:02:22]} Qa7 {[%clk 0:02:37]} 15. cxd5
{[%clk 0:02:16]} Nfxd5 {[%clk 0:02:32]} 16. e4 {[%clk 0:01:42]} Nf6
{[%clk 0:02:33]} 17. a4 {[%clk 0:01:41]} Be6 {[%clk 0:01:56]} 18. Qc2
{[%clk 0:01:38]} Nxa4 {[%clk 0:01:53]} 19. Ng5 {[%clk 0:01:02]} Bd7
{[%clk 0:01:50]} 20. Nc4 {[%clk 0:01:01]} h6 {[%clk 0:01:45]} 21. Nf3
{[%clk 0:01:03]} Rfc8 {[%clk 0:00:52]} 22. Nce5 {[%clk 0:01:01]} Be8
{[%clk 0:00:52]} 23. Qb3 {[%clk 0:00:49]} e6 {[%clk 0:00:50]} 24. Nd2
{[%clk 0:00:43]} b5 {[%clk 0:00:50]} 25. Qe3 {[%clk 0:00:34]} Qb7
{[%clk 0:00:44]} 26. Ba3 {[%clk 0:00:32]} Nd7 {[%clk 0:00:41]} 27. Ndf3
{[%clk 0:00:29]} Nxe5 {[%clk 0:00:40]} 28. Nxe5 {[%clk 0:00:30]} c5
{[%clk 0:00:40]} 29. Ng4 {[%clk 0:00:19]} h5 {[%clk 0:00:40]} 30. Ne5
{[%clk 0:00:11]} b4 {[%clk 0:00:39]} 31. Rab1 {[%clk 0:00:09]} Qa7
{[%clk 0:00:30]} 32. Bb2 {[%clk 0:00:07]} Nxb2 {[%clk 0:00:31]} 33. Rxb2
{[%clk 0:00:09]} cxd4 {[%clk 0:00:32]} 34. Qf4 {[%clk 0:00:08]} Bxe5
{[%clk 0:00:31]} 0-1

[Event "Blitz 2018"]
[Site "Saint-Petersburg"]
[Date "2018.12.30"]
[Round "17"]
[Board "66"]
[White "Petrov Nikita (RUS)"]
[Black "Huzman Alexander (ISR)"]
[Result "1/2-1/2"]
[LiveChessVersion "1.4.8"]
[BlackElo "2543"]
[WhiteElo "2468"]

1. e4 {[%clk 0:03:03]} e5 {[%clk 0:03:04]} 2. Bc4 {[%clk 0:03:03]} Nf6
{[%clk 0:03:03]} 3. d3 {[%clk 0:03:04]} c6 {[%clk 0:03:04]} 4. Nf3
{[%clk 0:03:05]} d5 {[%clk 0:03:05]} 5. Bb3 {[%clk 0:03:06]} a5 {[%clk 0:03:06]}
6. a4 {[%clk 0:03:07]} Bb4+ {[%clk 0:03:01]} 7. c3 {[%clk 0:03:08]} Bd6
{[%clk 0:03:03]} 8. exd5 {[%clk 0:03:09]} cxd5 {[%clk 0:02:56]} 9. Bg5
{[%clk 0:03:09]} Be6 {[%clk 0:02:57]} 10. Na3 {[%clk 0:03:10]} Nbd7
{[%clk 0:02:57]} 11. Nb5 {[%clk 0:03:09]} Bb8 {[%clk 0:02:58]} 12. O-O
{[%clk 0:03:04]} O-O {[%clk 0:02:58]} 13. Re1 {[%clk 0:03:05]} Qb6
{[%clk 0:02:38]} 14. Bh4 {[%clk 0:02:42]} Bg4 {[%clk 0:02:21]} 15. h3
{[%clk 0:02:39]} Bh5 {[%clk 0:02:22]} 16. g4 {[%clk 0:02:17]} Bg6
{[%clk 0:02:23]} 17. Bg3 {[%clk 0:01:52]} e4 {[%clk 0:02:19]} 18. Bxb8
{[%clk 0:01:47]} Raxb8 {[%clk 0:02:20]} 19. Nh4 {[%clk 0:01:26]} Ne5
{[%clk 0:02:22]} 20. dxe4 {[%clk 0:01:11]} dxe4 {[%clk 0:02:12]} 21. Qd4
{[%clk 0:01:08]} Qxd4 {[%clk 0:02:02]} 22. Nxd4 {[%clk 0:01:08]} Nd3
{[%clk 0:02:03]} 23. Re2 {[%clk 0:01:08]} Nf4 {[%clk 0:02:01]} 24. Re3
{[%clk 0:01:09]} N6d5 {[%clk 0:02:02]} 25. Bxd5 {[%clk 0:01:05]} Nxd5
{[%clk 0:02:03]} 26. Nxg6 {[%clk 0:01:01]} fxg6 {[%clk 0:02:02]} 27. Rxe4
{[%clk 0:01:01]} Nf4 {[%clk 0:02:04]} 28. Re3 {[%clk 0:01:00]} Rf6
{[%clk 0:02:00]} 29. Kh2 {[%clk 0:00:45]} Rbf8 {[%clk 0:01:52]} 30. g5
{[%clk 0:00:34]} Rb6 {[%clk 0:01:48]} 31. Rb1 {[%clk 0:00:14]} h6
{[%clk 0:01:48]} 32. gxh6 {[%clk 0:00:15]} gxh6 {[%clk 0:01:49]} 33. b4
{[%clk 0:00:15]} Nd5 {[%clk 0:01:47]} 34. Re6 {[%clk 0:00:09]} Rxe6
{[%clk 0:01:43]} 35. Nxe6 {[%clk 0:00:10]} Rxf2+ {[%clk 0:01:44]} 36. Kg3
{[%clk 0:00:11]} Rf6 {[%clk 0:01:45]} 37. Nc5 {[%clk 0:00:08]} b6
{[%clk 0:01:46]} 38. Ne4 {[%clk 0:00:08]} Re6 {[%clk 0:01:47]} 39. Nf2
{[%clk 0:00:04]} Nxc3 {[%clk 0:01:47]} 40. Rb3 {[%clk 0:00:05]} Ne2+
{[%clk 0:01:47]} 41. Kg2 {[%clk 0:00:06]} Nd4 {[%clk 0:01:35]} 42. Rb2
{[%clk 0:00:06]} h5 {[%clk 0:01:29]} 43. bxa5 {[%clk 0:00:07]} bxa5
{[%clk 0:01:30]} 44. Nd3 {[%clk 0:00:07]} Kg7 {[%clk 0:01:25]} 45. Nf4
{[%clk 0:00:07]} Re4 {[%clk 0:01:25]} 46. Nd5 {[%clk 0:00:07]} Nf5
{[%clk 0:01:23]} 47. Rb7+ {[%clk 0:00:04]} Kh6 {[%clk 0:01:23]} 48. Nc3
{[%clk 0:00:04]} Re3 {[%clk 0:01:20]} 49. Nd5 {[%clk 0:00:04]} Rg3+
{[%clk 0:01:19]} 50. Kh2 {[%clk 0:00:05]} Ra3 {[%clk 0:01:20]} 51. Ra7
{[%clk 0:00:04]} Rxa4 {[%clk 0:01:19]} 52. Nf6 {[%clk 0:00:03]} Ra2+
{[%clk 0:01:19]} 53. Kg1 {[%clk 0:00:05]} a4 {[%clk 0:01:17]} 54. Ne4
{[%clk 0:00:05]} a3 {[%clk 0:01:17]} 55. Nc3 {[%clk 0:00:05]} Rc2
{[%clk 0:01:17]} 56. Rxa3 {[%clk 0:00:05]} Kg5 {[%clk 0:01:17]} 57. Ne4+
{[%clk 0:00:06]} Kh4 {[%clk 0:01:18]} 58. Nf2 {[%clk 0:00:06]} Rc4
{[%clk 0:01:13]} 59. Kg2 {[%clk 0:00:07]} Ne7 {[%clk 0:01:03]} 60. Re3
{[%clk 0:00:07]} Nd5 {[%clk 0:01:02]} 61. Rf3 {[%clk 0:00:05]} Nf4+
{[%clk 0:01:01]} 62. Kh2 {[%clk 0:00:07]} g5 {[%clk 0:01:03]} 63. Ra3
{[%clk 0:00:04]} Rc2 {[%clk 0:00:59]} 64. Kg1 {[%clk 0:00:05]} Rd2
{[%clk 0:00:44]} 65. Rb3 {[%clk 0:00:05]} Ra2 {[%clk 0:00:40]} 66. Rb4
{[%clk 0:00:04]} Ra1+ {[%clk 0:00:35]} 67. Kh2 {[%clk 0:00:05]} Rf1
{[%clk 0:00:36]} 68. Rb2 {[%clk 0:00:05]} g4 {[%clk 0:00:37]} 69. hxg4
{[%clk 0:00:06]} hxg4 {[%clk 0:00:38]} 70. Nxg4 {[%clk 0:00:07]} Kxg4
{[%clk 0:00:39]} 71. Rb8 {[%clk 0:00:05]} Rf2+ {[%clk 0:00:38]} 72. Kg1
{[%clk 0:00:06]} Ra2 {[%clk 0:00:39]} 73. Kf1 {[%clk 0:00:04]} Kf3
{[%clk 0:00:31]} 74. Ke1 {[%clk 0:00:05]} Ke3 {[%clk 0:00:23]} 75. Re8+
{[%clk 0:00:06]} Kd4 {[%clk 0:00:24]} 76. Kd1 {[%clk 0:00:06]} Nd5
{[%clk 0:00:25]} 77. Ke1 {[%clk 0:00:06]} Kd3 {[%clk 0:00:25]} 78. Re6
{[%clk 0:00:04]} Nf4 {[%clk 0:00:23]} 79. Re8 {[%clk 0:00:04]} Ng2+
{[%clk 0:00:21]} 80. Kf1 {[%clk 0:00:05]} Ne3+ {[%clk 0:00:23]} 81. Kg1
{[%clk 0:00:07]} Rg2+ {[%clk 0:00:22]} 82. Kh1 {[%clk 0:00:08]} Rg7
{[%clk 0:00:23]} 83. Ra8 {[%clk 0:00:06]} Ke2 {[%clk 0:00:20]} 84. Kh2
{[%clk 0:00:08]} Rg5 {[%clk 0:00:19]} 85. Rf8 {[%clk 0:00:07]} Nf5
{[%clk 0:00:19]} 86. Kh3 {[%clk 0:00:07]} Kf3 {[%clk 0:00:19]} 87. Kh2
{[%clk 0:00:05]} Kf4 {[%clk 0:00:13]} 88. Rf7 {[%clk 0:00:05]} Kf3
{[%clk 0:00:14]} 89. Rf8 {[%clk 0:00:06]} Kf2 {[%clk 0:00:12]} 90. Kh3
{[%clk 0:00:05]} Rg3+ {[%clk 0:00:12]} 91. Kh2 {[%clk 0:00:06]} Rf3
{[%clk 0:00:13]} 92. Rf7 {[%clk 0:00:06]} Rf4 {[%clk 0:00:14]} 93. Rh7
{[%clk 0:00:06]} Nh4 {[%clk 0:00:12]} 94. Kh3 {[%clk 0:00:06]} Nf3
{[%clk 0:00:13]} 95. Rh8 {[%clk 0:00:06]} Ra4 {[%clk 0:00:13]} 96. Rh6
{[%clk 0:00:04]} Ra1 {[%clk 0:00:11]} 97. Kg4 {[%clk 0:00:05]} Ra5
{[%clk 0:00:13]} 98. Rh8 {[%clk 0:00:05]} Ke3 {[%clk 0:00:13]} 99. Re8+
{[%clk 0:00:05]} 1/2-1/2

[Event "Blitz 2018"]
[Site "Saint-Petersburg"]
[Date "2018.12.30"]
[Round "17"]
[Board "67"]
[White "Potapov Pavel (RUS)"]
[Black "Baron Tal (ISR)"]
[Result "0-1"]
[LiveChessVersion "1.4.8"]
[BlackElo "2421"]
[WhiteElo "2542"]

1. e4 {[%clk 0:03:03]} e6 {[%clk 0:03:04]} 2. d4 {[%clk 0:03:02]} d5
{[%clk 0:03:06]} 3. Bd3 dxe4 4. Bxe4 {[%clk 0:03:04]} Nf6 {[%clk 0:03:09]} 5. Bf3
c5 6. Ne2 Nc6 7. Be3 {[%clk 0:03:03]} cxd4 {[%clk 0:03:13]} 8. Nxd4
{[%clk 0:03:03]} Ne5 {[%clk 0:03:15]} 9. Nc3 {[%clk 0:02:49]} Be7
{[%clk 0:03:16]} 10. Qe2 {[%clk 0:02:49]} O-O {[%clk 0:03:12]} 11. O-O-O
{[%clk 0:02:47]} Bd7 {[%clk 0:03:00]} 12. Kb1 {[%clk 0:02:46]} Rc8
{[%clk 0:02:43]} 13. Nb3 {[%clk 0:02:28]} Nxf3 {[%clk 0:02:28]} 14. Qxf3
{[%clk 0:02:28]} Qc7 {[%clk 0:02:23]} 15. Bf4 {[%clk 0:02:13]} e5
{[%clk 0:02:20]} 16. Bxe5 {[%clk 0:01:34]} Qxe5 {[%clk 0:02:13]} 17. Rhe1
{[%clk 0:01:35]} Qxh2 {[%clk 0:01:49]} 18. Rxd7 {[%clk 0:01:00]} Nxd7
{[%clk 0:01:50]} 19. Rxe7 {[%clk 0:01:01]} Ne5 {[%clk 0:01:52]} 20. Qxb7
{[%clk 0:00:55]} Qg1+ {[%clk 0:01:43]} 21. Nc1 {[%clk 0:00:55]} Nc4
{[%clk 0:01:44]} 22. N3e2 {[%clk 0:00:33]} Qxf2 {[%clk 0:01:43]} 23. Ka1
{[%clk 0:00:22]} Rb8 {[%clk 0:01:22]} 24. Qc7 {[%clk 0:00:16]} Qf6
{[%clk 0:01:05]} 25. c3 {[%clk 0:00:14]} Nxb2 {[%clk 0:01:02]} 26. Nb3
{[%clk 0:00:13]} Na4 {[%clk 0:00:56]} 27. Re3 {[%clk 0:00:14]} Qf2
{[%clk 0:00:35]} 28. Qe5 {[%clk 0:00:14]} Rfd8 {[%clk 0:00:24]} 29. Kb1
{[%clk 0:00:13]} h6 {[%clk 0:00:13]} 30. Kc2 {[%clk 0:00:14]} Qe1
{[%clk 0:00:11]} 31. Ned4 {[%clk 0:00:13]} Qf2+ {[%clk 0:00:08]} 32. Re2
{[%clk 0:00:14]} Qf1 {[%clk 0:00:08]} 33. Re1 {[%clk 0:00:11]} Qxg2+
{[%clk 0:00:08]} 34. Re2 {[%clk 0:00:13]} Qg6+ {[%clk 0:00:10]} 35. Kd2
{[%clk 0:00:14]} Rbc8 {[%clk 0:00:10]} 36. Qa5 {[%clk 0:00:10]} Nb2
{[%clk 0:00:11]} 37. Qxa7 {[%clk 0:00:09]} Nc4+ {[%clk 0:00:11]} 38. Kc1
{[%clk 0:00:07]} Nb6 {[%clk 0:00:10]} 39. Kb2 {[%clk 0:00:07]} Nc4+
{[%clk 0:00:07]} 40. Kc1 {[%clk 0:00:08]} Nb6 {[%clk 0:00:08]} 41. Kb2
{[%clk 0:00:10]} Nd5 {[%clk 0:00:09]} 42. Rc2 {[%clk 0:00:09]} Ne3
{[%clk 0:00:11]} 43. Re2 {[%clk 0:00:08]} Nd1+ {[%clk 0:00:11]} 44. Kc1
{[%clk 0:00:08]} Nxc3 {[%clk 0:00:13]} 45. Rc2 {[%clk 0:00:10]} Qg1+
{[%clk 0:00:12]} 46. Kb2 {[%clk 0:00:09]} Qb1+ {[%clk 0:00:13]} 47. Ka3
{[%clk 0:00:11]} Ra8 {[%clk 0:00:11]} 48. Nc6 {[%clk 0:00:10]} Nb5+
{[%clk 0:00:10]} 49. Kb4 {[%clk 0:00:10]} Nxa7 {[%clk 0:00:10]} 0-1

[Event "Blitz 2018"]
[Site "Saint-Petersburg"]
[Date "2018.12.30"]
[Round "17"]
[Board "68"]
[White "Carlsson Pontus (SWE)"]
[Black "Goganov Aleksey (RUS)"]
[Result "0-1"]
[LiveChessVersion "1.4.8"]
[BlackElo "2539"]
[WhiteElo "2511"]

1. e4 {[%clk 0:03:01]} e5 {[%clk 0:03:03]} 2. Nf3 {[%clk 0:03:05]} Nc6
{[%clk 0:03:04]} 3. d4 {[%clk 0:03:06]} exd4 {[%clk 0:03:05]} 4. Nxd4
{[%clk 0:03:08]} Nf6 {[%clk 0:03:05]} 5. Nc3 {[%clk 0:03:09]} Bb4
{[%clk 0:03:06]} 6. Nxc6 {[%clk 0:03:10]} bxc6 {[%clk 0:03:07]} 7. Bd3
{[%clk 0:03:11]} d5 {[%clk 0:03:08]} 8. exd5 {[%clk 0:03:12]} cxd5
{[%clk 0:03:09]} 9. O-O {[%clk 0:03:13]} O-O {[%clk 0:03:09]} 10. h3
{[%clk 0:03:14]} c6 {[%clk 0:03:10]} 11. Qf3 {[%clk 0:03:15]} Bd6
{[%clk 0:03:09]} 12. Bf4 {[%clk 0:03:16]} Rb8 {[%clk 0:03:09]} 13. b3
{[%clk 0:03:16]} Be6 {[%clk 0:02:39]} 14. Rad1 {[%clk 0:03:16]} Rb4
{[%clk 0:02:36]} 15. Ne2 {[%clk 0:03:15]} Qb8 {[%clk 0:02:35]} 16. c4
{[%clk 0:03:08]} Re8 {[%clk 0:02:18]} 17. Rfe1 {[%clk 0:03:03]} Rb7
{[%clk 0:02:16]} 18. Bg5 {[%clk 0:02:51]} Nd7 {[%clk 0:02:14]} 19. Qh5
{[%clk 0:02:39]} g6 {[%clk 0:02:08]} 20. Qh4 {[%clk 0:02:38]} Bb4
{[%clk 0:02:02]} 21. Rf1 {[%clk 0:02:31]} dxc4 {[%clk 0:02:02]} 22. Bxc4
{[%clk 0:02:18]} Bxc4 {[%clk 0:02:02]} 23. Qxc4 {[%clk 0:02:18]} Ne5
{[%clk 0:02:02]} 24. Qh4 {[%clk 0:02:12]} Bf8 {[%clk 0:01:55]} 25. Nc3
{[%clk 0:02:03]} Rb4 {[%clk 0:01:47]} 26. f4 {[%clk 0:01:58]} Bg7
{[%clk 0:01:31]} 27. Qg3 {[%clk 0:01:50]} f6 {[%clk 0:01:11]} 28. Bh4
{[%clk 0:01:45]} Nf7 {[%clk 0:01:11]} 29. Qf3 {[%clk 0:01:41]} f5
{[%clk 0:01:10]} 30. Bf2 {[%clk 0:01:39]} Rxf4 {[%clk 0:01:06]} 31. Qd3
{[%clk 0:01:29]} Rd8 {[%clk 0:00:56]} 32. Qc2 {[%clk 0:01:25]} Bd4
{[%clk 0:00:54]} 33. Bxd4 {[%clk 0:01:23]} Rfxd4 {[%clk 0:00:55]} 34. Rxd4
{[%clk 0:01:23]} Rxd4 {[%clk 0:00:56]} 35. Ne2 {[%clk 0:01:19]} Rd6
{[%clk 0:00:57]} 36. Nf4 {[%clk 0:01:11]} Qb6+ {[%clk 0:00:58]} 37. Kh1
{[%clk 0:01:12]} Qe3 {[%clk 0:00:59]} 38. Qc4 {[%clk 0:01:06]} Qd4
{[%clk 0:00:59]} 39. Qa6 {[%clk 0:00:58]} Kg7 {[%clk 0:00:53]} 40. Qc8
{[%clk 0:00:55]} Qe4 {[%clk 0:00:48]} 41. Qc7 {[%clk 0:00:51]} Rd2
{[%clk 0:00:37]} 42. Rg1 {[%clk 0:00:35]} Qe5 {[%clk 0:00:34]} 43. Qxe5+
{[%clk 0:00:21]} Nxe5 {[%clk 0:00:35]} 44. Ra1 {[%clk 0:00:15]} g5
{[%clk 0:00:31]} 45. Ne6+ {[%clk 0:00:15]} Kf6 {[%clk 0:00:32]} 46. Nc5
{[%clk 0:00:16]} Rc2 {[%clk 0:00:32]} 47. b4 {[%clk 0:00:16]} h5 {[%clk 0:00:30]}
48. a3 {[%clk 0:00:08]} g4 {[%clk 0:00:31]} 49. hxg4 hxg4 50. Rd1
{[%clk 0:00:07]} g3 {[%clk 0:00:31]} 51. Rf1 {[%clk 0:00:08]} Rf2
{[%clk 0:00:25]} 52. Rd1 {[%clk 0:00:07]} Ng4 {[%clk 0:00:24]} 53. Rd6+
{[%clk 0:00:06]} Kg5 {[%clk 0:00:20]} 54. Ne6+ {[%clk 0:00:05]} Kh4
{[%clk 0:00:20]} 55. Rd1 {[%clk 0:00:06]} Ra2 {[%clk 0:00:18]} 56. Re1
{[%clk 0:00:04]} Rxa3 {[%clk 0:00:11]} 57. Nd4 {[%clk 0:00:05]} Nf2+
{[%clk 0:00:11]} 58. Kg1 {[%clk 0:00:07]} Kg4 {[%clk 0:00:11]} 59. Nxc6
{[%clk 0:00:07]} f4 {[%clk 0:00:08]} 60. Ne5+ {[%clk 0:00:07]} Kf5
{[%clk 0:00:09]} 61. Nf3 {[%clk 0:00:08]} Ng4 {[%clk 0:00:10]} 62. Nd4+
{[%clk 0:00:09]} Kf6 {[%clk 0:00:11]} 63. Re6+ {[%clk 0:00:09]} Kf7
{[%clk 0:00:12]} 64. Re1 {[%clk 0:00:10]} Ne3 {[%clk 0:00:13]} 65. Ne2
{[%clk 0:00:09]} Nd5 {[%clk 0:00:13]} 66. Rf1 {[%clk 0:00:10]} Ke6
{[%clk 0:00:12]} 67. Nxf4+ {[%clk 0:00:08]} Nxf4 {[%clk 0:00:13]} 68. Rxf4
{[%clk 0:00:10]} Ra1+ {[%clk 0:00:14]} 69. Rf1 {[%clk 0:00:11]} Rxf1+
{[%clk 0:00:15]} 70. Kxf1 {[%clk 0:00:12]} Ke5 {[%clk 0:00:15]} 71. Ke2
{[%clk 0:00:07]} Ke4 {[%clk 0:00:14]} 72. b5 {[%clk 0:00:09]} Kd4
{[%clk 0:00:15]} 73. Kf3 {[%clk 0:00:10]} Kc5 {[%clk 0:00:17]} 74. Kxg3 Kxb5 75.
Kf3 {[%clk 0:00:05]} a5 {[%clk 0:00:20]} 76. g4 {[%clk 0:00:00]} 0-1